000 00716nam a2200229 a 4500
999 _c745
_d745
001 745
003 BD-JhCC
005 20171010095848.0
008 171009s2015 b ||||| |||| 00| 0 b d
020 _a9844100216
035 _a(BD-JhCC)745
040 _aBD-JhCC
_dBD-JhCC
041 _aben
082 _223
_a891.443
_bAKH 2015
100 _aইলিয়াস, আখতারুজ্জামান
245 _aদুধভাতে উৎপাত /
_cআখতারুজ্জামান ইলিয়াস
260 _aঢাকা ,
_bমাওলা ব্রাদার্স ,
_c২০১৫
300 _a63p. ;
_c22cm.
650 _aBangali Novel
942 _2ddc
_cBK